Homenaje a Margarita Salas. (Record no. 66503)

MARC details
000 -LEADER
campo de control de longitud fija 00814nam a2200265 i 4500
001 - NÚMERO DE CONTROL
campo de control 66503
003 - IDENTIFICADOR DE NÚMERO DE CONTROL
campo de control ES-MaACL
005 - FECHA Y HORA DE LA ÚLTIMA TRANSACCIÓN
campo de control 20250803014908.0
007 - CAMPO FIJO DE DESCRIPCIÓN FÍSICA--INFORMACIÓN GENERAL
campo de control de longitud fija t|
008 - DATOS DE LONGITUD FIJA--INFORMACIÓN GENERAL
campo de control de longitud fija 010719s2001 sp ||||0| spa d
020 ## - NÚMERO INTERNACIONAL ESTÁNDAR DEL LIBRO
Número Internacional Estándar del Libro 84-921922-5-9
040 ## - FUENTE DE CATALOGACIÓN
Centro catalogador/agencia de origen M-BN
Lengua de catalogación spa
Centro/agencia transcriptor M-BN
080 ## - NÚMERO DE LA CLASIFICACIÓN DECIMAL UNIVERSAL
Número de la Clasificación Decimal Universal 929 Salas Falgueras, Margarita
245 00 - MENCIÓN DEL TÍTULO
Título Homenaje a Margarita Salas.
260 ## - PUBLICACIÓN, DISTRIBUCIÓN, ETC.
Lugar de publicación, distribución, etc. [Madrid] :
Nombre del editor, distribuidor, etc. Fundación Independiente,
Fecha de publicación, distribución, etc. [2001]
300 ## - DESCRIPCIÓN FÍSICA
Extensión 164 p. :
Otras características físicas il. ;
Dimensiones 31 cm.
490 1# - MENCIÓN DE SERIE
Mención de serie Españoles universales
600 14 - PUNTO DE ACCESO ADICIONAL DE MATERIA--NOMBRE DE PERSONA
Nombre de persona Salas, Margarita-
Subdivisión de forma Homenajes.
9 (RLIN) 101740
650 ## - PUNTO DE ACCESO ADICIONAL DE MATERIA--TÉRMINO DE MATERIA
Término de materia o nombre geográfico como elemento de entrada Científicos-
Subdivisión geográfica España.
9 (RLIN) 149347
700 1# - ENTRADA AGREGADA--NOMBRE PERSONAL
Nombre de persona Salas, Margarita.
9 (RLIN) 101739
710 2# - ENTRADA AGREGADA--NOMBRE DE ENTIDAD CORPORATIVA
Nombre de entidad corporativa o nombre de jurisdicción como elemento de entrada Fundación Independiente (Madrid)
9 (RLIN) 4325
830 0# - PUNTO DE ACCESO ADICIONAL DE SERIE-TÍTULO UNIFORME
Título uniforme Españoles universales
9 (RLIN) 183014
852 ## - LOCALIZACIÓN
Ubicación ES-MaACL
Número de control de estantería L-26983
Sublocalización o colección R.132679
Holdings
Estatus retirado Estado de pérdida Estado de daño No para préstamo Biblioteca de origen Biblioteca actual Ubicación en estantería Fecha de adquisición Fuente de adquisición Total de préstamos Signatura topográfica completa Código de barras Visto por última vez Precio de reemplazo Tipo de ítem Koha
        Biblioteca del Ateneo de Madrid Biblioteca del Ateneo de Madrid Depósito 2 17/01/2008     L-26983 1069665 23/02/2023 23/02/2023 Libro impreso